Education, development and culture / (Record no. 41532)

MARC details
000 -LEADER
fixed length control field 00787nam a22002177a 4500
005 - DATE AND TIME OF LATEST TRANSACTION
control field 20100813114233.0
010 ## - LCCN (DPL NO)
LC control number ENG-100205
020 ## - INTERNATIONAL STANDARD BOOK NUMBER
Terms of availability 150.00
035 ## - SYSTEM CONTROL NUMBER
System control number EN-83737
037 ## - SOURCE OF ACQUISITION
Source of stock number/acquisition DBAD/PUB
082 ## - DEWEY DECIMAL CLASSIFICATION NUMBER
Classification number 370
100 ## - MAIN ENTRY--PERSONAL NAME
Personal name Seetaramaiah, Vavilala
245 ## - TITLE STATEMENT
Title Education, development and culture /
Statement of responsibility, etc by Vavilala Seetaramaiah ; edited and compiled by A. Prasanna Kumar
260 ## - PUBLICATION, DISTRIBUTION, ETC. (IMPRINT)
Place of publication, distribution, etc Visakhapatnam
Name of publisher, distributor, etc Centre for Policy Studies
Date of publication, distribution, etc 2009
270 ## - ADDRESS
Address 47-7-23, 4th Lane, Dwarakanagar,
City Visakhapatnam
Postal code 530016
300 ## - PHYSICAL DESCRIPTION
Extent viii,404p.
Dimensions 21cm (pbk)
650 ## - SUBJECT ADDED ENTRY--TOPICAL TERM
Topical term or geographic name as entry element Education
700 ## - ADDED ENTRY--PERSONAL NAME
Personal name Prasanna Kumar, A.
9 (RLIN) 12387
942 ## - ADDED ENTRY ELEMENTS (KOHA)
Source of classification or shelving scheme Dewey Decimal Classification
Item type English Books
Classification part 370
Call number suffix SEE
Holdings
Withdrawn status Lost status Not for loan Collection code Home library Current library Date acquired Source of acquisition Cost, normal purchase price Full call number Barcode Copy number Cost, replacement price Koha item type
    Not For Loan Non-fiction D.B.Act.Division D.B.Act.Division 13/08/2010 DBAD/PUB 150.00 370 SEE EN-83737 1 150.00 English Books

© Delhi Public Library
Hit Counter
free hit counter